Science Quiz

Random Science or Latin Quiz

Elements Quick Match (Latin) Quiz Stats

 Plays Quiz Updated Jul 25, 2015

Also try: You DO Know Latin
Challenge
Share
Tweet
Score 0/10 Timer 01:00
0 Plays Today
% Correct
Iron
94.5%
Copper
94.3%
Gold
94.2%
Lead
87.3%
Sodium
87.3%
Silver
86.9%
Potassium
86%
Mercury
74.3%
Tin
69.4%
Antimony
57.8%

You're not logged in!

Compare scores with friends on all Sporcle quizzes.
OR
Log In

You Might Also Like...

Show Comments

Extras

Top Quizzes Today


Score Distribution

Your Account Isn't Verified!

In order to create a playlist on Sporcle, you need to verify the email address you used during registration. Go to your Sporcle Settings to finish the process.

Report this User

Report this user for behavior that violates our Community Guidelines.

Details: